000 00270nam a2200097Ia 4500
001 1146152
005 20250827010246.0
008 250824s9999 xx 000 0 und d
245 0 _aYALTACIKOĞLU YUMSIK
_cSÜLEYMAN TEYEK
260 _bMİLLİ EĞİTİM BAKANLIĞI YAYINLARI
999 _c1146152
_d1146152